7 návyků skutečně efektivních lidí zásady osobního rozvoje, které změní váš život

Uložené v:
Podrobná bibliografia
Hlavný autor: Covey, Stephen R.
Ďalší autori: Lisa, Aleš
Médium: Kniha
Jazyk:Czech
Vydavateľské údaje: Praha Management Press 2007
Vydanie:1. vyd. (dotisk)
Predmet:
Tagy: Pridať tag
Žiadne tagy, Buďte prvý, kto otaguje tento záznam!

MARC

LEADER 00000nam$a2200000$$$4500
001 0074208
005 20231215114853.1
020 |a 978-80-7261-156-0 
041 0 |a cze 
044 |a CZ 
245 1 0 |a 7 návyků skutečně efektivních lidí  |b zásady osobního rozvoje, které změní váš život  |c Stephen R. Covey ; přeložil: Aleš Lisa 
250 |a 1. vyd. (dotisk) 
264 1 |a Praha  |b Management Press  |c 2007 
300 |a 342 s. 
610 2 0 |a rozvoj hospodársky 
610 2 0 |a podnikanie 
610 2 0 |a konkurencia 
610 2 0 |a úspech pracovný 
610 2 0 |a efektívnosť podnikania 
610 2 0 |a efektívnosť práce 
610 2 0 |a potreby životné 
610 2 0 |a situácia sociálna 
610 2 0 |a paradigma 
610 2 0 |a princíp ekonomický 
100 1 |a Covey, Stephen R. 
700 1 |a Lisa, Aleš